00629nam a22002057a 450000500170000000800410001701000170005802000260007503500170010104000180011808200060013610000230014224000290016524500970019424600240029126000410031530000310035652000110038770000250039820080701030330.0080619s2007 ii | 00| 1 eng  aB-268720-759 a9788126025626c120.00 aB-268720-759 adplbEnglish  aN aMahanty, Gopinath, aLaỳ‡abilaỳ‡a.lEnglish aLaya bilaya:bhigh tide, ebb tide /cby Gopinath Mohanty ; translated by Bikram Keshari Das. aHigh tide, ebb tide aNew Delhi :bSahitya Akademi,c2007. axiv, 182 p. ;c23 cm (Hb)  aNovel. aDas, Bikram Keshari